Hungry like the wolf - Duran Duran (All lyrics) - Statistics

General Stats
  • This quiz has been taken 50 times
  • The average score is 213 of 302
Answer Stats
Answer % Correct
a
100%
the
100%
I
97%
like
97%
hungry
95%
Hungry
95%
wolf
95%
I'm
92%
I'm...
92%
you
92%
You
92%
And
87%
and
87%
on
87%
hunt
85%
so
85%
after
82%
in
82%
In
82%
to
82%
(Do-do-do-do, do-do-do, do-do, do-do-do, do-do)
79%
is
72%
sound
69%
lost
67%
be
64%
found
62%
night
62%
Smell
62%
smell
62%
whine
62%
wine
62%
me
59%
my
56%
ground
54%
with
51%
crowd
49%
juices
49%
behind
44%
city
44%
it's
44%
wire
44%
your
44%
close
41%
touch
41%
give
38%
sign
38%
Mouth
36%
rhyme
36%
subway
36%
too
36%
alive
33%
all
33%
by
33%
closer
33%
Earth
33%
line
33%
want
33%
break
31%
breathing
31%
catch
31%
even
31%
forest
31%
howl
31%
just
31%
discord
28%
feel
28%
I'll
28%
afire
26%
blood
26%
Burning
26%
Darken
26%
from
26%
moonlight
26%
Steam
26%
Straddle
26%
Woman
26%
moment
23%
skin
23%
hide
21%
running
21%
Scent
21%
side
21%
tight
21%
drumming
18%
heat
18%
inside
18%
High
15%
Strut
15%
upon
15%
Ha-ha!
13%
Stalked
13%
No matching quizzes found
Score Distribution
Percent of People with Each Score
Percentile by Number Answered
Your Score History
You have not taken this quiz